000
00246nam a2200097Ia 4500
001
1206421
005
20251014101930.0
008
250824s9999 xx 000 0 und d
245
0
_a
KORKUNÇ YILLAR
_c
CENGİZ DAĞCI
260
_b
ÖTÜKEN YAYINLARI
999
_c
1206421
_d
1206421